000 00294nam a22001337a 4500
008 170529b xxu||||| |||| 00| 0 eng d
020 _a0471030856
041 _aeng
080 _a621.36
100 _a26
101 _aIM
245 _aSOLAR THERMAL ENGINEERING
_cLUNDE, P.J
942 _2udc
_cBK
999 _c14892
_d14892